000 00312nam a2200133Ia 4500
005 20251219214659.0
008 251219s1900||||xx |||||||||||||| ||spa||
082 _aSIC.76
100 _aCorporación técnica
245 0 _a Aprendiendo módulo II fasciculo II
250 _a1ra. ed.
264 _bGTZ
942 _cLIB
999 _c202
_d202